| 000 | 00387nam a2200169Ia 4500 | ||
|---|---|---|---|
| 008 | 230524s9999 xx 000 0 und d | ||
| 082 |
_a612 _bDUY |
||
| 100 | _aN.C.Dey | ||
| 245 | 2 | _aA Text Book of Pathology | |
| 250 | _a15TH | ||
| 260 |
_aCALCUTTA _bNCB _c2002 |
||
| 300 | _aXI;47.25 | ||
| 500 | _aQuantity Number: 2 | ||
| 650 | _aBiomedical | ||
| 700 | _a T.K.Dey | ||
| 942 | _cBK | ||
| 999 |
_c35234 _d35234 |
||